| LEADER |
00618nam0a2200181 450 |
| 001 |
16840683 |
| 010 |
|
|
|a 978-2-203-20835-3
|b rel.
|d 30
|
| 100 |
|
|
|a 20221028d2022 u u0frey01 ba
|
| 101 |
0 |
|
|a fre
|
| 102 |
|
|
|a BE
|
| 200 |
0 |
|
|a dernière reine (La)
|f Rochette
|
| 207 |
|
1 |
|a
|
| 210 |
|
|
|a Tournai (Belgique)
|b 28 Rue des Soeurs Noires.
|c Casterman
|d 2022
|
| 215 |
|
|
|a 1 vol. (238 p.)
|c ill. en coul.
|d 27 cm
|
| 700 |
|
0 |
|a Rochette
|b Jean-Marc
|f 1956-....
|4 70
|
| 900 |
|
|
|a Bandes déssinées ADULTE
|
| 901 |
|
|
|a Accessible au prêt
|
| 995 |
|
|
|a Bibliothèque
|c Bibliothèque
|f 024022902
|h 024022902
|k BDA ROC
|o p
|q a
|r az
|e Bibliothèque
|